000 00348nab a22001097u 4500
008 130520b2010 xxu||||| |||| 00| 0 spa d
041 _aspa
100 1 _aSchneiders, Sandra M.
_946995
245 0 0 _aPor qué nos quedamos o nos hemos quedado
_cSandra M. Schneiders
773 0 _tConcilium
_gnº334,2010,págs. 165-184
_x0210-1041
_wRev134
942 _cAR
999 _c412273
_d412273